Moderní zahrady

Bibliographic Details
Main Author: Šonský, Drahoslav, 1934- (Author)
Format: Book
Language:Czech
PhysicalDescription:277 s. fotogr., ilustr. 29 cm
Published: Brno Computer Press 2011
ISBN:9788025136393
Edition:3. vyd.
Subjects:

MARC

LEADER 00000nam a2200000 a 4500
001 vtls010316164
003 SK-MaSNL
005 20260302045428.0
008 240313s2011 xr o g 000 0 cze
020 |a 9788025136393  |q (viaz.) 
040 |a SNK  |b slo  |c SNK  |e AACR2 
041 0 |a cze 
044 |a xr  |c CZ 
072 7 |a 712  |x Plánovanie krajiny. Parky. Záhrady  |2 konspekt 
080 |a 712.3/.7  |2 2001 
080 |a 635.1/.9  |2 2001 
080 |a (035)  |2 2001 
100 1 |a Šonský, Drahoslav,  |d 1934-  |4 aut  |9 702515 
245 1 0 |a Moderní zahrady  |c Drahoslav Šonský 
250 |a 3. vyd. 
260 |a Brno  |b Computer Press  |c 2011 
300 |a 277 s.  |b fotogr., ilustr.  |c 29 cm 
650 0 7 |a záhradná architektúra  |2 SNKPH  |9 2944 
650 0 7 |a záhradné rastliny  |2 SNKPH  |9 2726 
650 0 7 |a Garden architecture  |2 SNKPHeng  |9 312058 
650 0 7 |a Garden plants  |2 SNKPHeng  |9 292043 
655 7 |a príručky  |2 SNKPH  |9 74364 
655 7 |a Handbooks, manuals, etc.  |2 SNKPHeng  |9 90964 
919 |a 978-80-251-3639-3 
999 |c 1093521  |d 1095451 
952 |t snkSON 635  |a SNKUST  |b SNKUST  |y PREZ  |7 0  |p 17A0644402  |o snkIB 72513  |i snk2011/20554  |8 3  |g 19.34  |0 0  |1 0  |4 0  |d 2011-10-04  |l 0  |r 2025-04-28 00:00:00  |w 2026-02-24